• 首页
  • 本馆介绍
  • 公告通知
  • 最新文献
  • 馆藏检索
  • 电子资源
  • 读者导购
  • 参考咨询
  • 我的图书馆
  • 登录
  • 详细信息显示
  • 放入我的书架
  • 预约/预借图书
  • 作者相关作品
  • 分类相关作品
  • 丛书相关作品
  • 出版社相关作品

书目信息

  • 表格格式
  • 工作单格式
  • 卡片格式
题名:
外国小说名家成名作
    
 
作者: 赵焕 译著
分册:  
出版信息: 北京   东方出版社  2004
页数: 312页
开本: 22cm
丛书名:
单 册:
中图分类: I106.4
科图分类:
主题词: 短篇小说--研究--外国
电子资源:
ISBN: 7-5060-1872-1
000 00751nam0 2200217 45
001 002684158
005 20041220095358.7
010    @a7-5060-1872-1@dCNY28.00
100    @a20040719d2004 em y0chiy0110 ea
101 1  @achi@cmul
102    @aCN@b110000
105    @aa z 000ay
200 1  @a外国小说名家成名作@AWai Guo Xiao Shuo Ming Jia Cheng Ming Zuo@f赵焕译著@FZhao Huan Yi Zhu
210    @a北京@c东方出版社@d2004
215    @a312页@c照片@d22cm
330    @a本书选取了马克·吐温、芥川龙之介、屠格涅夫、果戈里等外国名家的短篇小说代表作,包括“墙上的斑点”、“变色龙”、“白净草原”、“外套”等。
606 0  @a短篇小说@x研究@y外国
690    @aI106.4@v4
701  0 @a赵焕@4译著
801  0 @aCN@bNLC@c20040820
905    @b340178-182@dI106.4@e111@f5
    
    外国小说名家成名作/赵焕译著.-北京:东方出版社,2004
    312页:照片;22cm
    
    
    ISBN 7-5060-1872-1:CNY28.00
    本书选取了马克·吐温、芥川龙之介、屠格涅夫、果戈里等外国名家的短篇小说代表作,包括“墙上的斑点”、“变色龙”、“白净草原”、“外套”等。
●
相关链接 在E读中查询图书 在五车中查询图书 在当当中查询图书 在豆瓣中查询图书


正题名:外国小说名家成名作     索取号:I106.4/111         预约/预借

序号 登录号 条形码 馆藏地/架位号 状态 备注
1 0340178   203401782   第一样本阅览室/ [索取号:I106.4/111] 在馆    
2 0340179   203401791   第二借阅区/ [索取号:I106.4/111] 在馆    
3 0340180   203401808   第二借阅区/ [索取号:I106.4/111] 在馆    
4 0340181   203401817   第二借阅区/ [索取号:I106.4/111] 在馆    
5 0340182   203401826   第二借阅区/ [索取号:I106.4/111] 在馆    
唐山师范学院图书馆 欢迎您!
大连网信软件有限公司© 版权所有